Largest Merchant Fleets - Statistics

General Stats
  • This quiz has been taken 13 times
  • The average score is 17 of 28
Answer Stats
Continent Country # of Ships % Correct
Asia China 9,530
100%
Asia China 133.6
100%
North America United States 3,501
92%
Asia Indonesia 12,226
85%
Asia Indonesia 32.7
85%
Asia Japan 5,265
85%
Asia Japan 43.0
85%
Europe Russia 2,902
85%
Asia India 1,900
77%
Asia South Korea 2,162
77%
North America Panama 8,338
69%
North America Panama 379.8
69%
Europe Greece 56.3
62%
Asia Philippines 2,224
62%
Europe Portugal 29.4
62%
Asia Singapore 3,245
62%
Asia Singapore 141.0
62%
Asia Vietnam 1,953
54%
North America Bahamas 72.4
38%
Europe Denmark 25.0
38%
Europe Norway 22.4
38%
Africa Liberia 5,215
31%
Africa Liberia 408.4
31%
Europe Malta 1,897
31%
Europe Malta 102.5
31%
Oceania Marshall Islands 4,273
31%
Oceania Marshall Islands 308.5
31%
Asia Cyprus 30.7
23%
No matching quizzes found
Score Distribution
Percent of People with Each Score
Percentile by Number Answered
Your Score History
You have not taken this quiz